KOHA-Header-6

The Dynamics of Mass Communication (Record no. 7021)

000 -LEADER
fixed length control field 00246nam a2200109Ia 4500
020 ## - INTERNATIONAL STANDARD BOOK NUMBER
ISBN 978-0072904789
100 ## - MAIN ENTRY--AUTHOR NAME
Personal name Joseph R. Dominick
245 #4 - TITLE STATEMENT
Title The Dynamics of Mass Communication
260 ## - PUBLICATION, DISTRIBUTION, ETC. (IMPRINT)
Place of publication New York
Name of publisher CRC
Year of publication 1996
300 ## - PHYSICAL DESCRIPTION
Number of Pages 599
942 ## - ADDED ENTRY ELEMENTS (KOHA)
Koha item type Books
Holdings
Withdrawn status Lost status Permanent Location Current Location Date acquired Full call number Accession Number Koha item type
    MAJU MAJU 2019-09-11 302.23 624 Books

Powered by Koha